[Event "Chennai op 12th"]
[Site "Chennai"]
[Date "2020.01.20"]
[Round "4"]
[White "Neelotpal, Das"]
[Black "Barath, Kalyan M"]
[Result "1-0"]
[WhiteElo "2436"]
[BlackElo "2091"]
[PlyCount "107"]
[EventDate "2020.01.18"]
[EventType "swiss"]
[EventRounds "10"]
[EventCountry "IND"]
[SourceTitle "CBM 194 Extra"]
[Source "ChessBase"]
[SourceDate "2020.03.31"]
[SourceVersion "1"]
[SourceVersionDate "2020.03.31"]
[SourceQuality "1"]

1. d4 Nf6 2. c4 e6 3. Nc3 Bb4 4. e3 0-0 5. Nf3 Bxc3+ 6. bxc3 d6 7. Bd3 Nc6 8. 0-0 e5 9. Nd2 Qe7 10. Bb2 e4 11. Bc2 Bg4 12. Qb1 Rfe8 13. Ba3 b6 14. Qb5 Na5 15. Bb4 Nb7 16. Qg5 c5 17. Ba3 Bd7 18. Rae1 Bc6 19. Qg3 Nh5 20. Qh3 Nf6 21. f3 d5 22. cxd5 Bxd5 23. c4 Be6 24. Qh4 exf3 25. gxf3 h6 26. Kh1 Na5 27. Rg1 Kh8 28. d5 Nxc4 29. Qxc4 Bxd5 30. Qf4 Qe5 31. Qxe5 Rxe5 32. Bb2 Re6 33. e4 Bxa2 34. Ra1 Rd8 35. Rg2 Red6 36. Nf1 Bc4 37. e5 Bxf1 38. Rxf1 Rd2 39. exf6 Rxg2 40. Kxg2 Rd2+ 41. Rf2 Rxf2+ 42. Kxf2 g5 43. Bd3 a5 44. Bb5 Kh7 45. Ke3 Kg6 46. Ke4 h5 47. Ke5 h4 48. h3 Kh6 49. Kf5 a4 50. Bc1 a3 51. Bxa3 c4 52. Bxc4 b5 53. Bf8+ Kh5 54. Bxf7# 1-0